| 000 | 00614cam a22002057a 4500 | ||
|---|---|---|---|
| 020 | _a9251049742 | ||
| 040 | _cOSU | ||
| 082 | _a338 FOO 2003 A079 Or. | ||
| 245 | 0 | 0 | _aMeasuring capacity in fisheries / |
| 260 |
_aRome : _bFood and Agriculture Organization of the United Nations, _cc2003. |
||
| 300 |
_axii, 314 p. : _bill. ; _c29 cm. |
||
| 490 | 1 | _aFAO fisheries technical paper, | |
| 650 | 0 | _aFishery management. | |
| 650 | 0 | _aFishery management, International. | |
| 650 | 0 | _aFishery resources. | |
| 650 | 0 | _aFish stock assessment. | |
| 700 | 1 | _aPascoe, Sean. | |
| 700 | 1 | _aGreboval, D. F. | |
| 942 | _cEK | ||
| 999 |
_c15992 _d15992 |
||